6b : We like to help

Bibliographic Details
Main Author: Murray, W.
Corporate Author: Title
Other Authors: Wingfield, J.H
Format: Book
Published: London : Ladybird
Series:Key words with Ladybird
Subjects:

MARC

LEADER 00000cam a2200000 7i4500
001 0000005501
005 20151222.0
008 070806
020 |a 1844223795 
090 0 0 |a JF   |b EL ENG (4838) 
100 1 |a Murray, W. 
245 1 0 |a 6b :   |b We like to help   |c Written by W. Murray; illustrated by M. Aitchison 
260 |a London :   |b Ladybird 
440 0 |a Key words with Ladybird 
500 |a Children ages 7-9 years old (orange) 
650 0 |a Early learning 
650 0 |a Junior preschool   |x English   |x Languages 
700 1 |a Wingfield, J.H. 
710 0 |a Title 
999 |a 0000894060   |b Book   |c Children Collection   |e Cawangan Tmn. Ungku Tun Aminah 
999 |a 0000894061   |b Book   |c Children Collection   |e Cawangan Tmn. Ungku Tun Aminah 
999 |a 0000894062   |b Book   |c Children Collection   |e Cawangan Segamat 
999 |a 0000894063   |b Book   |c Children Collection   |e Cawangan Bandar Penawar 
999 |a 0000894064   |b Book   |c Children Collection   |e Cawangan Tangkak 
999 |a 0000894065   |b Book   |c Children Collection   |e Cawangan Mersing 
999 |a 0000979848   |b Book   |c Children Collection   |e Cawangan Sri Merlong 
999 |a 0000979849   |b Book   |c Children Collection   |e Cawangan Sri Merlong 
999 |a 0000979850   |b Book   |c Children Collection   |e Cawangan Sri Merlong 
999 |a 0000979851   |b Book   |c Children Collection   |e Cawangan Sri Merlong 
999 |a 0000979852   |b Book   |c Children Collection   |e Perbadanan Perpustakaan Awam Johor 
999 |a 0001060822   |b Book   |c Children Collection   |e Cawangan Batu Pahat